[Event "Brno"]
[Site "?"]
[Date "2006.07.05"]
[Round "7"]
[White "Stopa Jacek"]
[Black "Kadziolka Beata"]
[Result "1/2-1/2"]
[WhiteElo "2469"]
[BlackElo "2359"]
[PlyCount "119"]
[EventDate "2006.??.??"]
[Source "www.chesslib.no"]
[SourceDate "2004.05.04"]

1. e4 c5 2. Nf3 d6 3. d4 cxd4 4. Nxd4 Nf6 5. Nc3 a6 6. Bg5 e6 7. f4 h6 8. Bh4 Nbd7 9. Qf3 Qc7 10. O-O-O Be7 11. Bf2 b5 12. Bd3 b4 13. Nce2 Bb7 14. Ng3 Nc5 15. Kb1 O-O 16. Rhe1 a5 17. Nb3 Nxd3 18. cxd3 a4 19. Rc1 Qd7 20. Nd2 Rfc8 21. Nc4 Qb5 22. Bd4 d5 23. Bxf6 Bxf6 24. Nd6 Rxc1+ 25. Rxc1 dxe4 26. Ngxe4 Bxe4 27. Qxe4 Qd5 28. Qxd5 exd5 29. Rc8+ Rxc8 30. Nxc8 Bd8 31. Kc2 Kf8 32. g3 Ke8 33. Nd6+ Ke7 34. Nf5+ Kf6 35. Ne3 Ke6 36. d4 f5 37. Kd3 g5 38. Ng2 Be7 39. fxg5 hxg5 40. b3 axb3 41. axb3 g4 42. Ne3 Bf6 43. Ng2 Bg5 44. Ke2 Kd7 45. Ne1 Ke6 46. Nd3 Be7 47. Nf4+ Kd6 48. h4 gxh3 49. Nxh3 Bf6 50. Nf4 Be7 51. Kf3 Bf8 52. Nd3 Ke6 53. Ke3 Bh6+ 54. Ke2 Bf8 55. Kf3 Bd6 56. Kg2 Bf8 57. Nf4+ Kd6 58. Ne2 Bh6 59. Kh3 Be3 60. Nf4 1/2-1/2

[Event "Minsk"]
[Site "?"]
[Date "2006.07.11"]
[Round "2"]
[White "Litvinov Vladimir"]
[Black "Oleksienko Mikhailo"]
[Result "0-1"]
[WhiteElo "2330"]
[BlackElo "2497"]
[PlyCount "54"]
[EventDate "2006.??.??"]
[Source "www.chesslib.no"]
[SourceDate "2004.05.04"]

1. e4 c5 2. Nf3 d6 3. d4 cxd4 4. Nxd4 Nf6 5. Nc3 a6 6. Bg5 e6 7. f4 Be7 8. Qd3 Nbd7 9. O-O-O Qc7 10. Be2 b5 11. Bf3 Bb7 12. a3 h6 13. Bxf6 Nc5 14. Qe3 Bxf6 15. e5 dxe5 16. Ndxb5 axb5 17. Nxb5 Qb6 18. Nd6+ Ke7 19. Nxb7 Rac8 20. Nxc5 Rxc5 21. Qd3 Rhc8 22. c3 e4 23. Qxe4 Bxc3 24. bxc3 Rxc3+ 25. Kd2 Qf2+ 26. Be2 Rc2+ 27. Qxc2 Qxf4+ 0-1

[Event "BUL Team Ch"]
[Site "Varna BUL"]
[Date "1995.??.??"]
[Round "3"]
[White "Antonov, Vladimir"]
[Black "Ninov, Nikolai"]
[Result "0-1"]
[WhiteElo "2385"]
[BlackElo "2435"]
[PlyCount "46"]
[EventDate "1995.??.??"]
[Source "www.chesslib.no"]
[SourceDate "2004.05.04"]

1. e4 c5 2. Nf3 d6 3. d4 cxd4 4. Nxd4 Nf6 5. Nc3 a6 6. Bg5 e6 7. Qf3 h6 8. Bh4 Nbd7 9. O-O-O Qc7 10. Qh3 Be7 11. f4 b5 12. a3 Rb8 13. Be2 b4 14. axb4 Rxb4 15. e5 dxe5 16. fxe5 Qxe5 17. Bf2 Bc5 18. Qd3 O-O 19. Bf3 Qd6 20. Nce2 Qb6 21. Qc3 a5 22. Bg3 Ba6 23. Nc6 Bxe2 0-1

[Event "BUL-ch"]
[Site "Sofia"]
[Date "1984.??.??"]
[Round "?"]
[White "Antonov, Vladimir"]
[Black "Radulov, Ivan"]
[Result "1/2-1/2"]
[WhiteElo "2365"]
[BlackElo "2450"]
[PlyCount "51"]
[EventDate "1984.09.??"]
[Source "ChessBase"]

1. e4 c5 2. Nf3 d6 3. d4 cxd4 4. Nxd4 Nf6 5. Nc3 a6 6. Bg5 e6 7. Qf3 h6 8. Bh4 Nbd7 9. O-O-O Qc7 10. Qh3 Be7 11. f4 Nb6 12. Be2 Bd7 13. Kb1 O-O-O 14. Bf2 Kb8 15. Qe3 Nc8 16. e5 dxe5 17. fxe5 Nd5 18. Nxd5 exd5 19. e6 fxe6 20. Nxe6 Bxe6 21. Qxe6 Bc5 22. Bg3 Bd6 23. Rxd5 Bxg3 24. Rxd8 Rxd8 25. hxg3 Qxg3 26. Bf3 1/2-1/2

[Event "Corr"]
[Site "?"]
[Date "2001.01.20"]
[Round "?"]
[White "Steinmann Joachim (GER)"]
[Black "Groot Adri de (NED)"]
[Result "1/2-1/2"]
[WhiteElo "2373"]
[BlackElo "2434"]
[PlyCount "50"]
[EventDate "2001.??.??"]
[Source "www.chesslib.no"]
[SourceDate "2004.05.04"]

1. e4 c5 2. Nf3 d6 3. d4 cxd4 4. Nxd4 Nf6 5. Nc3 a6 6. Bg5 e6 7. f4 Be7 8. Qe2 h6 9. Bxf6 Bxf6 10. O-O-O Qc7 11. Qd2 O-O 12. g4 Rd8 13. h4 Nc6 14. Nde2 d5 15. exd5 exd5 16. Nxd5 Rxd5 17. Qxd5 Bxg4 18. Qc5 Rc8 19. c3 Bxe2 20. Bxe2 Qxf4+ 21. Kb1 Bxh4 22. Rhf1 Qc7 23. Rxf7 Kxf7 24. Qd5+ Ke7 25. Qc5+ Kf7 1/2-1/2

[Event "EM/M/GT/A001"]
[Site "EM/M/GT/A001"]
[Date "1996.??.??"]
[Round "?"]
[White "Barnsley, AR."]
[Black "Cody, Dr.Philip C"]
[Result "1/2-1/2"]
[WhiteElo "2445"]
[BlackElo "2360"]
[PlyCount "70"]
[EventDate "1996.??.??"]
[Source "www.chesslib.no"]
[SourceDate "2004.05.04"]

1. e4 c5 2. Nf3 d6 3. d4 cxd4 4. Nxd4 Nf6 5. Nc3 a6 6. Bg5 e6 7. f4 Be7 8. Qf3 Qa5 9. O-O-O Nbd7 10. f5 O-O 11. Be2 Nc5 12. Kb1 Bd7 13. a3 Qd8 14. h4 e5 15. Nb3 Nxb3 16. cxb3 Bc6 17. g4 b5 18. Bxf6 Bxf6 19. g5 Be7 20. Nd5 f6 21. gxf6 Bxf6 22. Qg4 Rc8 23. Rhg1 Rf7 24. h5 h6 25. Nxf6+ Qxf6 26. Bf3 Be8 27. Qg6 Rc6 28. Qxf6 Rxf6 29. Rg2 a5 30. Rd3 Kf8 31. Rd5 Rc8 32. Rgd2 Ke7 33. Rg2 Kf7 34. Rg1 Kf8 35. Rgd1 Ke7 1/2-1/2

[Event "6th ch-PriFO Men"]
[Site "Kazan RUS"]
[Date "2008.01.25"]
[Round "3"]
[White "Rozkov, N."]
[Black "Ivanov, Ro"]
[Result "1-0"]
[WhiteElo "2456"]
[BlackElo "2345"]
[PlyCount "99"]
[EventDate "2008.01.23"]
[Source "www.chesslib.no"]
[SourceDate "2004.05.04"]

1. e4 c5 2. Nf3 d6 3. d4 cxd4 4. Nxd4 Nf6 5. Nc3 a6 6. Bg5 e6 7. f4 Be7 8. Qf3 O-O 9. O-O-O Qc7 10. Qg3 Nbd7 11. Bd3 Re8 12. Rhe1 Qc5 13. e5 dxe5 14. fxe5 Nh5 15. Qh4 Bxg5+ 16. Qxg5 g6 17. g4 Ng7 18. Nf3 f5 19. Qh6 b5 20. Be4 Ra7 21. Ng5 Nf8 22. gxf5 gxf5 23. Bf3 Rc7 24. Rd2 b4 25. Nce4 fxe4 26. Nxe4 Qe7 27. Nf6+ Kh8 28. Rg2 Bb7 29. Bxb7 Rxb7 30. Reg1 Rc8 31. Nh5 Ng6 32. Nxg7 Qxg7 33. Rxg6 Qxh6+ 34. Rxh6 Rbc7 35. Rg2 Rc6 36. b3 Rg8 37. Rxg8+ Kxg8 38. Rf6 Kg7 39. h4 h5 40. Rf4 Rc5 41. Rxb4 Rxe5 42. Rb6 a5 43. a4 Re4 44. Ra6 Kf6 45. Rxa5 Rxh4 46. Ra8 Rh1+ 47. Kb2 h4 48. a5 Kg7 49. a6 Rf1 50. a7 1-0

[Event "Pernik"]
[Site "Pernik"]
[Date "1981.??.??"]
[Round "2"]
[White "Antonov, Vladimir"]
[Black "Szekely, Peter"]
[Result "1/2-1/2"]
[WhiteElo "2375"]
[BlackElo "2425"]
[PlyCount "36"]
[EventDate "1981.06.??"]
[Source "ChessBase"]

1. e4 c5 2. Nf3 d6 3. d4 cxd4 4. Nxd4 Nf6 5. Nc3 a6 6. Bg5 e6 7. Qf3 Nbd7 8. O-O-O h6 9. Bh4 Qc7 10. Qh3 Be7 11. f4 Nb6 12. Qf3 Nbd7 13. Bg3 b5 14. e5 Bb7 15. Qe2 dxe5 16. fxe5 Nd5 17. Ne4 Qa5 18. Kb1 O-O 1/2-1/2

[Event "Hastings Masters"]
[Site "Hastings"]
[Date "1995.??.??"]
[Round "5"]
[White "Howell, James C"]
[Black "James, David"]
[Result "1-0"]
[WhiteElo "2525"]
[BlackElo "2270"]
[PlyCount "95"]
[EventDate "1995.08.??"]
[Source "ChessBase"]

1. e4 c5 2. Nf3 d6 3. d4 cxd4 4. Nxd4 Nf6 5. Nc3 a6 6. Bg5 e6 7. f4 Be7 8. Qf3 Qa5 9. O-O-O Bd7 10. e5 dxe5 11. fxe5 Nc6 12. Nf5 exf5 13. exf6 gxf6 14. Bf4 O-O-O 15. Nd5 Be6 16. Bc4 Bd6 17. Bd2 Nb4 18. a3 Bxd5 19. Qxf5+ Kb8 20. Bxb4 Bxb4 21. Bxd5 Bc5 22. Qxf6 Rhe8 23. Qxf7 Re7 24. Qf3 Re3 25. Qf4+ Ka7 26. Kb1 Rf8 27. Qh4 Qb6 28. Bb3 Bxa3 29. Rhf1 Rxf1 30. Rxf1 Bc5 31. Qxh7 Qb4 32. Qd7 Re2 33. g4 Rxh2 34. g5 Rg2 35. Qd5 Rg3 36. c3 Qb6 37. Rf6 Rg1+ 38. Kc2 Qc7 39. Bc4 Qh2+ 40. Kb3 Qc7 41. g6 Rg4 42. Be2 Rg1 43. Bxa6 bxa6 44. Rf7 Be7 45. Rxe7 Qxe7 46. Qd4+ Kb8 47. Qxg1 Qb7+ 48. Ka3 1-0

[Event "Alicante op2"]
[Site "Alicante ESP"]
[Date "1989.??.??"]
[Round "?"]
[White "Marin, Mihail"]
[Black "Micheli, Carlo"]
[Result "1-0"]
[WhiteElo "2495"]
[BlackElo "2300"]
[PlyCount "41"]
[EventDate "1989.??.??"]
[Source "www.chesslib.no"]
[SourceDate "2004.05.04"]

1. e4 c5 2. Nf3 e6 3. d4 cxd4 4. Nxd4 Nf6 5. Nc3 a6 6. Bg5 Be7 7. f4 d6 8. Be2 Qc7 9. Qd2 b5 10. a3 Nbd7 11. O-O-O Bb7 12. Bxb5 axb5 13. Ndxb5 Qb6 14. e5 Nd5 15. Bxe7 Kxe7 16. Nxd5+ Bxd5 17. exd6+ Kf8 18. Qb4 Rb8 19. a4 f5 20. Rhe1 Kf7 21. Rxd5 1-0

[Event "Thessaloniki ol (Men)"]
[Site "Thessaloniki GRE"]
[Date "1988.??.??"]
[Round "3"]
[White "Martin del Campo, Jorge"]
[Black "Danner, Georg"]
[Result "1-0"]
[WhiteElo "2395"]
[BlackElo "2400"]
[PlyCount "75"]
[EventDate "1988.11.??"]
[Source "www.chesslib.no"]
[SourceDate "2004.05.04"]

1. e4 c5 2. Nf3 d6 3. d4 cxd4 4. Nxd4 Nf6 5. Nc3 a6 6. Bg5 e6 7. f4 Be7 8. Qf3 Qa5 9. O-O-O Bd7 10. g4 Nc6 11. Nb3 Qc7 12. Bxf6 gxf6 13. Bd3 Rc8 14. Kb1 Na5 15. Rhe1 Qb6 16. Qh3 Nc4 17. Bxc4 Rxc4 18. Qh5 Bc6 19. Re2 Rg8 20. h3 Rg7 21. f5 Kf8 22. Qh6 Kg8 23. Nd5 Bxd5 24. exd5 e5 25. Qd2 h5 26. gxh5 Rf4 27. h6 Rg5 28. Rg2 Kh7 29. c4 Bf8 30. Qe2 Qc7 31. Nd2 Qc8 32. Rdg1 Bxh6 33. Qd3 Qxf5 34. Qxf5+ Rfxf5 35. c5 dxc5 36. Ne4 Rg7 37. Nxc5 Rg6 38. h4 1-0

[Event "Ceske Budejovice Open"]
[Site "Ceske Budejovice CZE"]
[Date "1995.??.??"]
[Round "5"]
[White "Rogic, Davor"]
[Black "Jirovsky, Pavel"]
[Result "0-1"]
[WhiteElo "2460"]
[BlackElo "2315"]
[PlyCount "78"]
[EventDate "1995.??.??"]
[Source "www.chesslib.no"]
[SourceDate "2004.05.04"]

1. e4 c5 2. Nf3 d6 3. d4 cxd4 4. Nxd4 Nf6 5. Nc3 a6 6. Bg5 e6 7. f4 Be7 8. Qf3 Nbd7 9. Bc4 Nc5 10. O-O-O Qc7 11. Rhe1 b5 12. Bd5 Bb7 13. Bxf6 Bxf6 14. e5 dxe5 15. Bxb7 Nxb7 16. fxe5 Be7 17. Qh5 O-O-O 18. Ne4 Rd7 19. Nf3 g6 20. Qh6 Rhd8 21. Qe3 Nc5 22. Rxd7 Rxd7 23. Rd1 Rxd1+ 24. Kxd1 Qd7+ 25. Ke2 Qd5 26. Nxc5 Bxc5 27. Qc3 Kb7 28. a3 h6 29. Qd2 Qxd2+ 30. Kxd2 Kc6 31. Kd3 Kd5 32. h3 Bf8 33. c3 Bg7 34. b3 Bxe5 35. a4 bxa4 36. c4+ Kd6 37. bxa4 Bg7 38. Nd2 f5 39. Nb3 e5 0-1

[Event "Corr"]
[Site "?"]
[Date "1999.??.??"]
[Round "?"]
[White "Kunzmann Hector AT"]
[Black "Ingersol Harry"]
[Result "0-1"]
[WhiteElo "2487"]
[BlackElo "2275"]
[PlyCount "68"]
[EventDate "1999.??.??"]
[Source "www.chesslib.no"]
[SourceDate "2004.05.04"]

1. e4 c5 2. Nf3 d6 3. d4 cxd4 4. Nxd4 Nf6 5. Nc3 a6 6. Bg5 e6 7. f4 Qc7 8. Qf3 Be7 9. O-O-O O-O 10. g4 b5 11. Bd3 Bb7 12. Qh3 Nbd7 13. Bxf6 Nxf6 14. g5 Nd7 15. e5 g6 16. Be4 Nc5 17. Bxb7 Qxb7 18. Qe3 b4 19. Nce2 dxe5 20. fxe5 Qe4 21. Qg3 Qd5 22. Nf5 Nd3+ 23. Qxd3 Bxg5+ 24. Kb1 Qxd3 25. Rxd3 exf5 26. h4 Bd8 27. Nd4 Re8 28. a3 bxa3 29. Rxa3 Rxe5 30. Nc6 Re6 31. Nxd8 Rxd8 32. Kc1 Kg7 33. Rd1 Rxd1+ 34. Kxd1 h6 0-1

[Event "EU-chT5 corr9498"]
[Site "?"]
[Date "1994.??.??"]
[Round "7.2"]
[White "Privara, Igor"]
[Black "Camilleri, Stephan"]
[Result "1-0"]
[WhiteElo "2560"]
[BlackElo "2200"]
[PlyCount "75"]
[EventDate "1994.??.??"]
[Source "www.chesslib.no"]
[SourceDate "2004.05.04"]

1. e4 c5 2. Nf3 d6 3. d4 cxd4 4. Nxd4 Nf6 5. Nc3 a6 6. Bg5 e6 7. f4 Be7 8. Qf3 Qa5 9. O-O-O Bd7 10. e5 dxe5 11. fxe5 Nc6 12. Nf5 exf5 13. exf6 gxf6 14. Bf4 Be6 15. Nd5 Ne5 16. Bxe5 fxe5 17. Bc4 Qc5 18. Nxe7 Qxe7 19. Bxe6 Qxe6 20. Rd5 Rg8 21. Rhd1 Rc8 22. g3 Rg4 23. b3 e4 24. Qxf5 Qxf5 25. Rxf5 Rc7 26. Rd6 Rg6 27. Re5+ Re7 28. Rxe7+ Kxe7 29. Rxg6 hxg6 30. Kd2 f5 31. Ke3 Kf6 32. c4 Ke5 33. h4 a5 34. a3 b6 35. b4 axb4 36. axb4 Ke6 37. Kd4 Kd6 38. g4 1-0

[Event "Cala Millor (1er tournoi)"]
[Site "?"]
[Date "2004.12.15"]
[Round "4.5"]
[White "Mellado Triviño Juan"]
[Black "Zimmermann Julian"]
[Result "1/2-1/2"]
[WhiteElo "2423"]
[BlackElo "2335"]
[PlyCount "111"]
[EventDate "2004.??.??"]
[Source "www.chesslib.no"]
[SourceDate "2004.05.04"]

1. e4 c5 2. Nf3 d6 3. d4 cxd4 4. Nxd4 Nf6 5. Nc3 a6 6. Bg5 e6 7. f4 Be7 8. Qf3 Qa5 9. O-O-O Bd7 10. e5 dxe5 11. fxe5 Nc6 12. Nf5 Qxe5 13. Nxg7+ Kd8 14. Bf4 Qa5 15. Bc4 Kc8 16. Rhe1 Qc5 17. Bb3 Nd4 18. Rxd4 Qxd4 19. Nf5 exf5 20. Rxe7 Bc6 21. Rc7+ Kd8 22. Rxc6 bxc6 23. Ne2 Qb4 24. Bd2 Qd6 25. Qxf5 Rg8 26. Bf4 Qe7 27. g3 Rg6 28. Bc4 Ke8 29. b3 Rd8 30. Kb2 Nd5 31. Bxa6 Nxf4 32. Nxf4 Qf6+ 33. Qxf6 Rxf6 34. Bd3 h6 35. a4 Kd7 36. Kc3 Kc7 37. a5 Rg8 38. Kd4 Rg5 39. a6 Kb6 40. Ke4 h5 41. Kf3 Rd6 42. h4 Re5 43. g4 hxg4+ 44. Kxg4 Re1 45. h5 Rd8 46. Kf5 Rh1 47. Bc4 Rd4 48. c3 Rxf4+ 49. Kxf4 Rxh5 50. Bxf7 Rh3 51. Bc4 Rxc3 52. Ke4 c5 53. Kd5 Rc1 54. Ke5 Rd1 55. Ke6 Kc6 56. Ke7 1/2-1/2

[Event "ROM-ch"]
[Site "Herculane"]
[Date "1996.??.??"]
[Round "12"]
[White "Teodorescu, Florin Cornel"]
[Black "Ardeleanu, Alin"]
[Result "0-1"]
[WhiteElo "2320"]
[BlackElo "2420"]
[PlyCount "98"]
[EventDate "1996.12.??"]
[Source "ChessBase"]

1. e4 c5 2. Nf3 d6 3. d4 cxd4 4. Nxd4 Nf6 5. Nc3 a6 6. Bg5 e6 7. f4 Be7 8. Qd2 Qc7 9. O-O-O Nbd7 10. g4 h6 11. Bxf6 Nxf6 12. g5 hxg5 13. fxg5 Ng4 14. Kb1 g6 15. h4 Bd7 16. Rh3 Qc5 17. Nb3 Qb6 18. Rf3 Ne5 19. Rf4 O-O-O 20. Nd4 Kb8 21. Nf3 Be8 22. Nd4 Rc8 23. Re1 Bf8 24. Nd1 Bg7 25. c3 Ba4 26. Ne3 Rc7 27. Be2 Rhc8 28. Ka1 Be8 29. h5 gxh5 30. Rff1 h4 31. Rh1 Ng6 32. Nec2 Be5 33. Bh5 Ba4 34. Bxg6 fxg6 35. Rh3 Bxc2 36. Nxc2 Rf7 37. Nd4 Bg3 38. Rb1 Rf2 39. Qd1 Rc4 40. Nxe6 Rxe4 41. Nd4 Re5 42. Qc1 Qd8 43. Qd1 Qd7 44. Rh1 Rxg5 45. Qb3 Ka7 46. Rbd1 Ra5 47. Qg8 g5 48. a3 Qf7 49. Qd8 Rxa3+ 0-1

[Event "Spring Open"]
[Site "Budapest HUN"]
[Date "1993.??.??"]
[Round "6"]
[White "Lengyel, Bela"]
[Black "Danner, Georg"]
[Result "1/2-1/2"]
[WhiteElo "2350"]
[BlackElo "2385"]
[PlyCount "133"]
[EventDate "1993.??.??"]
[Source "www.chesslib.no"]
[SourceDate "2004.05.04"]

1. e4 c5 2. Nf3 d6 3. d4 cxd4 4. Nxd4 Nf6 5. Nc3 a6 6. Bg5 e6 7. f4 Be7 8. Qf3 Qa5 9. O-O-O Bd7 10. Be2 Nc6 11. Nb3 Qc7 12. Qg3 h6 13. Bh4 g5 14. fxg5 Rg8 15. Rhf1 hxg5 16. Bxg5 Nb4 17. Rd4 Nh7 18. Rxb4 Rxg5 19. Qf2 Rg7 20. Rc4 Qd8 21. Rd4 Rc8 22. Bh5 Nf6 23. Bf3 Qc7 24. Kb1 b5 25. a3 e5 26. Rd2 Be6 27. Nc1 Qb8 28. Nd5 Bxd5 29. exd5 b4 30. axb4 Qxb4 31. Na2 Qb7 32. Re1 Rb8 33. c3 a5 34. Qh4 Qd7 35. Ka1 Kf8 36. Bd1 Qf5 37. Bc2 Qg5 38. Qxg5 Rxg5 39. g3 Bd8 40. Rf1 Kg7 41. Bf5 Bb6 42. c4 Ng4 43. Bd7 Ne3 44. Rc1 Rd8 45. Bb5 Nf5 46. Rf1 Nd4 47. Rg2 f5 48. Nc3 Kf7 49. Ba4 Ke7 50. Bd1 Rc8 51. b3 Rh8 52. Ra2 Rg7 53. Kb1 Bc5 54. Ne2 Nxe2 55. Rxe2 Rg5 56. Bc2 Rhh5 57. Kb2 Kd8 58. Kb1 Kc7 59. Kc1 Kb6 60. Kd1 Bd4 61. Rg2 Kc5 62. h4 Rxh4 63. Rxf5 Rh1+ 64. Ke2 Rc1 65. Rxg5 Rxc2+ 66. Kf1 Rc1+ 67. Ke2 1/2-1/2

[Event "Politiken Cup"]
[Site "Copenhagen"]
[Date "1997.07.10"]
[Round "6"]
[White "Salov, Sergei"]
[Black "Hillarp Persson, Tiger"]
[Result "0-1"]
[WhiteElo "2275"]
[BlackElo "2445"]
[PlyCount "88"]
[EventDate "1997.??.??"]
[Source "www.chesslib.no"]
[SourceDate "2004.05.04"]

1. e4 c5 2. Nf3 d6 3. d4 cxd4 4. Nxd4 Nf6 5. Nc3 a6 6. Bg5 e6 7. f4 Be7 8. Qf3 Qa5 9. O-O-O Bd7 10. Bc4 Nc6 11. Bb3 h6 12. Bxf6 Bxf6 13. Nde2 Be7 14. f5 Qe5 15. Rhf1 O-O 16. Qg4 Na5 17. Ng3 Nxb3+ 18. axb3 b5 19. Nh5 Bg5+ 20. Kb1 Qxh2 21. Ng3 Qxg2 22. Rxd6 exf5 23. exf5 Bc6 24. Nce2 Rad8 25. Nf4 Qxf1+ 26. Nxf1 Rxd6 27. Nd3 Re8 28. Ng3 Re3 29. Nh5 Bf3 30. Qg3 Rdxd3 31. cxd3 Bxh5 32. Qb8+ Kh7 33. d4 Bf3 34. Qa7 Bf6 35. Qxf7 Be4+ 36. Ka2 Bxf5 37. Qd5 Be6 38. Qh1 Bxb3+ 39. Ka1 Bxd4 40. Qb1+ Kg8 41. Qh1 Re8 42. Qh4 Rf8 43. Qh3 Be3 44. Kb1 Rd8 0-1

[Event "Budapest"]
[Site "Budapest"]
[Date "1988.??.??"]
[Round "?"]
[White "Vancsura, Zoltan"]
[Black "Danner, Georg"]
[Result "0-1"]
[WhiteElo "2295"]
[BlackElo "2425"]
[PlyCount "76"]
[EventDate "1988.05.??"]
[Source "ChessBase"]

1. e4 c5 2. Nf3 d6 3. d4 cxd4 4. Nxd4 Nf6 5. Nc3 a6 6. Bg5 e6 7. f4 Be7 8. Qf3 Qa5 9. O-O-O Bd7 10. Bd3 Nc6 11. Nb3 Qc7 12. Rhe1 h6 13. Bh4 Nxe4 14. Rxe4 Bxh4 15. Qg4 Bf6 16. Nd5 Qd8 17. Bf1 O-O 18. Nxf6+ Qxf6 19. Rxd6 Rad8 20. Re1 Bc8 21. Rxd8 Rxd8 22. g3 e5 23. Qf3 exf4 24. Qxf4 Qxf4+ 25. gxf4 Bf5 26. c3 Kf8 27. Bg2 Rd6 28. Nc5 Bc8 29. b4 Nd8 30. Ne4 Rg6 31. Bf3 b6 32. Rd1 Ke7 33. Re1 Kf8 34. Rd1 Nb7 35. Be2 a5 36. Bf3 f5 37. Bh5 Rc6 38. Ng3 g6 0-1

[Event "It (open)"]
[Site "Senta (Serbia)"]
[Date "2007.07.26"]
[Round "7"]
[White "Solomunovic Igor (GER)"]
[Black "Farkas Tibor (SCG)"]
[Result "1-0"]
[WhiteElo "2396"]
[BlackElo "2318"]
[PlyCount "69"]
[EventDate "2007.??.??"]
[Source "www.chesslib.no"]
[SourceDate "2004.05.04"]

1. e4 c5 2. Nf3 d6 3. d4 Nf6 4. Nc3 cxd4 5. Nxd4 a6 6. Bg5 e6 7. f4 Be7 8. Qd3 h6 9. Bh4 g5 10. fxg5 Nfd7 11. O-O-O Ne5 12. Qe2 hxg5 13. Bg3 Qc7 14. Nf3 Nbc6 15. Kb1 Bd7 16. Nd5 exd5 17. exd5 Nxf3 18. dxc6 Bxc6 19. Rxd6 Kf8 20. Rh6 Rxh6 21. Bxc7 Re6 22. gxf3 Bxf3 23. Qf2 Bxh1 24. Bc4 Rf6 25. Qg3 Rh6 26. a3 Rc8 27. Bd3 Bc6 28. Be5 Rd8 29. Bc3 f6 30. Qf2 Kg7 31. Qf5 Rd5 32. Qe6 Rd7 33. Bc4 Kg6 34. Qf7+ Kf5 35. Be6+ 1-0

[Event "Arab-ch"]
[Site "Casablanca"]
[Date "2002.08.26"]
[Round "1"]
[White "Ahmed, Esam Aly"]
[Black "Al Zendani, Zendan"]
[Result "0-1"]
[WhiteElo "2424"]
[BlackElo "2289"]
[PlyCount "104"]
[EventDate "2002.08.26"]
[Source "ChessBase"]
[SourceDate "2002.11.06"]

1. e4 c5 2. Nf3 d6 3. d4 cxd4 4. Nxd4 Nf6 5. Nc3 a6 6. Bg5 e6 7. f4 Be7 8. Qf3 Qb6 9. O-O-O Nc6 10. Nxc6 Qxc6 11. Bd3 b5 12. Qe2 b4 13. Nb1 e5 14. f5 Bb7 15. Nd2 Qc7 16. Kb1 a5 17. Bb5+ Kf8 18. Bxf6 Bxf6 19. Nf3 h5 20. Rhe1 Qc5 21. Bc4 a4 22. Bd5 Ba6 23. Qd2 Rc8 24. h4 a3 25. Bb3 Be7 26. Qd5 Bc4 27. Bxc4 Qxc4 28. Qxc4 Rxc4 29. b3 Rc5 30. Rd3 f6 31. c4 Kf7 32. Red1 Rg8 33. Ne1 g6 34. fxg6+ Rxg6 35. g3 Rg4 36. Re3 Rc8 37. Nc2 Rb8 38. Rf1 Ke6 39. Kc1 Rbg8 40. Rff3 Bf8 41. Kd1 Bh6 42. Rd3 Rb8 43. Rf5 Rxe4 44. Rxh5 Bg7 45. Ne3 Bh8 46. Nd5 Rg4 47. Nxb4 e4 48. Re3 f5 49. Nc2 Be5 50. b4 Bxg3 51. b5 Bf2 52. Rxa3 f4 0-1

[Event "Pula op"]
[Site "Pula"]
[Date "1997.??.??"]
[Round "7"]
[White "Bogut, Zeljko"]
[Black "Bistric, Faruk"]
[Result "0-1"]
[WhiteElo "2285"]
[BlackElo "2425"]
[PlyCount "111"]
[EventDate "1997.05.??"]
[Source "www.chesslib.no"]
[SourceDate "2004.05.04"]

1. e4 c5 2. Nf3 d6 3. d4 cxd4 4. Nxd4 Nf6 5. Nc3 a6 6. Bg5 e6 7. f4 Be7 8. Qf3 h6 9. Bxf6 Bxf6 10. O-O-O Qb6 11. Nde2 Qc7 12. Qd3 Be7 13. f5 Nd7 14. Kb1 Nb6 15. fxe6 Bxe6 16. Nf4 O-O 17. e5 dxe5 18. Nxe6 fxe6 19. Qh3 Qc6 20. Be2 e4 21. Qe3 Nd5 22. Nxd5 exd5 23. Qb3 Rf2 24. Rxd5 Kh8 25. Bg4 Raf8 26. Rhd1 Qg6 27. h3 Rxg2 28. Re5 Rxg4 29. hxg4 Qxg4 30. Rc1 Bd6 31. Qe6 Qxe6 32. Rxe6 Bf4 33. Rf1 g5 34. Rxe4 Rf7 35. Rh1 Kg7 36. Re6 g4 37. c4 g3 38. Re2 Kg6 39. Kc2 h5 40. Re8 Rg7 41. Kd3 Kg5 42. Ke2 Kg4 43. Rh8 Re7+ 44. Kf1 Re5 45. b4 Re4 46. R1xh5 Rxc4 47. Rc5 Rxb4 48. Rg8+ Kf3 49. Rc3+ Ke4 50. Rb3 Rxb3 51. axb3 Kf3 52. b4 b6 53. Rg6 a5 54. bxa5 bxa5 55. Ke1 g2 56. Kd1 0-1

[Event "Budapest FS04 IM-A"]
[Site "Budapest"]
[Date "2000.04.08"]
[Round "8"]
[White "Guedon, Stephanne"]
[Black "Froehlich, Peter"]
[Result "1/2-1/2"]
[WhiteElo "2332"]
[BlackElo "2375"]
[PlyCount "30"]
[EventDate "2000.04.01"]
[Source "ChessBase"]
[SourceDate "2000.05.11"]

1. e4 c5 2. Nf3 d6 3. d4 cxd4 4. Nxd4 Nf6 5. Nc3 a6 6. Bg5 e6 7. f4 Be7 8. Qf3 Qa5 9. O-O-O Bd7 10. g4 Nc6 11. Nb3 Qc7 12. Bh4 h6 13. Bg3 O-O-O 14. h4 Be8 15. g5 hxg5 1/2-1/2

[Event "Lisbon-chB"]
[Site "Lisbon POR"]
[Date "1992.??.??"]
[Round "6"]
[White "Cordovil, Joao"]
[Black "Galego, Luis"]
[Result "1-0"]
[WhiteElo "2300"]
[BlackElo "2405"]
[PlyCount "55"]
[EventDate "1992.??.??"]
[Source "www.chesslib.no"]
[SourceDate "2004.05.04"]

1. e4 c5 2. Nf3 e6 3. d4 cxd4 4. Nxd4 Nf6 5. Nc3 d6 6. Bg5 a6 7. f4 Be7 8. Qd2 h6 9. Bxf6 Bxf6 10. O-O-O Qc7 11. Kb1 O-O 12. g4 b5 13. Bg2 Bb7 14. h4 Nc6 15. Nxc6 Qxc6 16. Ne2 Be7 17. g5 h5 18. f5 exf5 19. Nd4 Qc4 20. exf5 Bxg2 21. Qxg2 Rfe8 22. b3 Qc5 23. Qf3 Bf8 24. g6 Ra7 25. Qxh5 fxg6 26. Qxg6 Rf7 27. Rhf1 Be7 28. f6 1-0

[Event "18th ch-IRI"]
[Site "Tehran IRI"]
[Date "2008.02.19"]
[Round "4"]
[White "Sharbaf, M."]
[Black "Golizadeh, A."]
[Result "1/2-1/2"]
[WhiteElo "2407"]
[BlackElo "2296"]
[PlyCount "131"]
[EventDate "2008.02.16"]
[Source "www.chesslib.no"]
[SourceDate "2004.05.04"]

1. e4 c5 2. Nf3 d6 3. d4 cxd4 4. Nxd4 Nf6 5. Nc3 e6 6. Bg5 Be7 7. f4 a6 8. Qd2 Nbd7 9. O-O-O Qc7 10. Kb1 b5 11. Bxb5 axb5 12. Ndxb5 Qa5 13. Nxd6+ Bxd6 14. Qxd6 Ra6 15. Qd4 O-O 16. a3 Bb7 17. Rd3 e5 18. fxe5 Nxe5 19. Rdd1 Ng6 20. Bxf6 Rxf6 21. Nd5 Re6 22. h4 Rfe8 23. h5 Rxe4 24. Qc3 Ra4 25. hxg6 Bxd5 26. Qd3 Be6 27. Rxh7 Qf5 28. Qd6 Raa8 29. Qh2 fxg6 30. Qh1 Ra4 31. g3 Qe4 32. Rh8+ Kf7 33. Qf1+ Bf5 34. Rd7+ Re7 35. Rd2 Rc4 36. Rhh2 Qe1+ 37. Rd1 Qxf1 38. Rxf1 Re3 39. Rh4 Rxh4 40. gxh4 Re2 41. Rc1 Rh2 42. b4 Rxh4 43. Kb2 Be6 44. b5 Ke7 45. Rd1 Ra4 46. Rg1 Ra5 47. Rg5 Kd6 48. Kc3 Rxa3+ 49. Kb4 Ra1 50. Rxg6 Rb1+ 51. Kc3 Rxb5 52. Rxg7 Bf5 53. Rg5 Ke6 54. Rg2 Be4 55. Rh2 Ke5 56. Rh5+ Bf5 57. Kc4 Rb8 58. c3 Ke6 59. Rh6+ Kd7 60. Ra6 Be4 61. Kd4 Bc6 62. c4 Rh8 63. Ra1 Kd6 64. Kc3 Rh4 65. Rg1 Bd7 66. Rd1+ 1/2-1/2

[Event "13. Open"]
[Site "?"]
[Date "2005.08.26"]
[Round "5"]
[White "Klokas Konstantinos"]
[Black "Managadze Nikoloz"]
[Result "0-1"]
[WhiteElo "2258"]
[BlackElo "2440"]
[PlyCount "88"]
[EventDate "2005.??.??"]
[Source "www.chesslib.no"]
[SourceDate "2004.05.04"]

1. e4 c5 2. Nf3 a6 3. d4 cxd4 4. Nxd4 Nf6 5. Nc3 d6 6. Bg5 e6 7. f4 Be7 8. Qf3 Qc7 9. O-O-O Nc6 10. Nb3 O-O 11. g4 b5 12. Bd3 Nb4 13. a3 Nxd3+ 14. Rxd3 Bb7 15. Bxf6 Bxf6 16. g5 Bxc3 17. Rxc3 Qb6 18. Re1 Rac8 19. Rce3 f5 20. gxf6 Rxf6 21. Qg4 e5 22. f5 b4 23. axb4 Qxb4 24. Rg1 Rc7 25. Qh4 Rcf7 26. Nd2 h6 27. Reg3 d5 28. Rg6 Rxg6 29. fxg6 Rf6 30. Qg3 dxe4 31. Qxe5 Qd6 32. Qxd6 Rxd6 33. Re1 Rxg6 34. c4 Re6 35. Re3 Kf7 36. Nb3 Re5 37. Kd2 Rh5 38. h3 Bc8 39. Rxe4 Rxh3 40. Nd4 g5 41. Nc6 Kf6 42. Na7 Bf5 43. Rd4 g4 44. c5 Rb3 0-1